MARC details
| 000 -CABECERA |
| campo de control de longitud fija |
03243nam a2200541 i 4500 |
| 003 - IDENTIFICADOR DEL NÚMERO DE CONTROL |
| campo de control |
DO-SdBNP |
| 005 - FECHA Y HORA DE LA ÚLTIMA TRANSACCIÓN |
| campo de control |
20250910113835.0 |
| 007 - CAMPO FIJO DE DESCRIPCIÓN FÍSICA--INFORMACIÓN GENERAL |
| campo de control de longitud fija |
ta |
| 008 - DATOS DE LONGITUD FIJA--INFORMACIÓN GENERAL |
| campo de control de longitud fija |
250910s2025 dr o 000 0 spa d |
| 020 ## - NÚMERO INTERNACIONAL ESTÁNDAR DEL LIBRO |
| Número Internacional Estándar del Libro |
9789945950427 |
| 040 ## - FUENTE DE LA CATALOGACIÓN |
| Centro catalogador/agencia de origen |
DO-SdBNP |
| Lengua de catalogación |
spa |
| Centro/agencia transcriptor |
BNPHU |
| Normas de descripción |
rda |
| 082 ## - NÚMERO DE LA CLASIFICACIÓN DECIMAL DEWEY |
| Número de clasificación |
xxx |
| Número de documento/Ítem |
M425 |
| Número de edición |
22 |
| 110 2# - ENTRADA PRINCIPAL--NOMBRE DE ENTIDAD CORPORATIVA |
| Nombre de entidad corporativa o nombre de jurisdicción como elemento de entrada |
Banco de Reservas de la República Dominicana |
| 9 (RLIN) |
6285 |
| 245 10 - MENCIÓN DE TÍTULO |
| Título |
Reservas patrimoniales dominicanas / |
| Mención de responsabilidad, etc. |
prólogo, Andrés L. Mateo ; textos, Carlos Andújar Persinal, Dagoberto Tejeda Ortiz, Manuel García Arévalo, Japonesa Capellán, Edis Sánchez, Edwin Espinal Hernández, Bolivar Troncoso Morales y otros cuatro ; fotografías, César de la Cruz, Timoteo Estévez, Francisco Fortunato, Ricardo Hernández, Odalís Rosado y otros dos |
| 264 #1 - PRODUCCIÓN, PUBLICACIÓN, DISTRIBUCIÓN, FABRICACIÓN Y COPYRIGHT |
| Producción, publicación, distribución, fabricación y copyright |
Santo Domingo : |
| Nombre del de productor, editor, distribuidor, fabricante |
Banco de Reservas, |
| Fecha de producción, publicación, distribución, fabricación o copyright |
2025. |
| 300 ## - DESCRIPCIÓN FÍSICA |
| Extensión |
264 páginas : |
| Otras características físicas |
fotografías ; |
| Dimensiones |
32 cm. |
| 336 ## - TIPO DE CONTENIDO |
| Término de tipo de contenido |
texto |
| Código de tipo de contenido |
txt |
| Fuente |
rdacontent |
| 337 ## - TIPO DE MEDIO |
| Nombre/término del tipo de medio |
sin mediación |
| Código del tipo de medio |
n |
| Fuente |
rdamedia |
| 338 ## - TIPO DE SOPORTE |
| Nombre/término del tipo de soporte |
volumen |
| Código del tipo de soporte |
nc |
| Fuente |
rdacarrier |
| 500 ## - NOTA GENERAL |
| Nota general |
Incluye datos biografícos de los autores en las páginas 261-264. |
| 500 ## - NOTA GENERAL |
| Nota general |
Tapa dura o cartoné. |
| 504 ## - NOTA DE BIBLIOGRAFÍA, ETC. |
| Nota de bibliografía, etc. |
Bibliografía p: 243. |
| 504 ## - NOTA DE BIBLIOGRAFÍA, ETC. |
| Nota de bibliografía, etc. |
Incluye bibliografías a pie de páginas. |
| 505 0# - NOTA DE CONTENIDO CON FORMATO |
| Título |
Nuestras reservas patrimoniales -- La nueva concepción del patrimonio -- Introducción -- El arte taíno -- El patrimonio monumental -- El PCI -- Reserva patrimonial de la memoria y sitios -- Dimensión jurídica del patrimonio cultural -- Patrimonio natural de República Dominicana -- Reservas patrimoniales como tesoros humanos -- Contribuciones del cacao -- El camino del café -- Viaje del azúcar -- El conuco tabacalero -- La economía hatera y su impronta cultura -- Reseñas sobre los autores / |
| 520 ## - SUMARIO, ETC. |
| Sumario, etc. |
Libro creado para reconocer y presentar el valor de los patrimonios de nuestra República Dominicana, cumpliendo con un cometido además de educativo, de divulgación, que contribuye con las iniciativas de los organismos estatales responsables, a su cuidado, protección y salvaguarda. |
| 590 ## - NOTA LOCAL (RLIN) |
| Nota local |
Inventariado, 2019/ YL |
| 700 1# - PUNTO DE ACCESO ADICIONAL--NOMBRE DE PERSONA |
| Nombre de persona |
Mateo, Andrés L. |
| Término indicativo de función/relación |
prologuista |
| Código de función/relación |
pr. |
| 9 (RLIN) |
85249 |
| 700 1# - PUNTO DE ACCESO ADICIONAL--NOMBRE DE PERSONA |
| Nombre de persona |
García Arévalo, Manuel |
| Término indicativo de función/relación |
textos |
| Código de función/relación |
te. |
| 9 (RLIN) |
82908 |
| 700 1# - PUNTO DE ACCESO ADICIONAL--NOMBRE DE PERSONA |
| Nombre de persona |
Capellán, Japonesa |
| Término indicativo de función/relación |
textos |
| Código de función/relación |
te. |
| 9 (RLIN) |
88606 |
| 700 1# - PUNTO DE ACCESO ADICIONAL--NOMBRE DE PERSONA |
| Nombre de persona |
Sánchez, Edis |
| Término indicativo de función/relación |
textos |
| Código de función/relación |
te. |
| 9 (RLIN) |
55643 |
| 700 1# - PUNTO DE ACCESO ADICIONAL--NOMBRE DE PERSONA |
| Nombre de persona |
Andújar Persinal, Carlos |
| Término indicativo de función/relación |
textos |
| Código de función/relación |
te. |
| 9 (RLIN) |
84596 |
| 700 1# - PUNTO DE ACCESO ADICIONAL--NOMBRE DE PERSONA |
| Nombre de persona |
Espinal Hernández, Edwin |
| Término indicativo de función/relación |
textos |
| Código de función/relación |
te. |
| 9 (RLIN) |
88607 |
| 700 1# - PUNTO DE ACCESO ADICIONAL--NOMBRE DE PERSONA |
| Nombre de persona |
Troncoso Morales, Bolívar |
| Término indicativo de función/relación |
textos |
| Código de función/relación |
te. |
| 9 (RLIN) |
10922 |
| 700 1# - PUNTO DE ACCESO ADICIONAL--NOMBRE DE PERSONA |
| Nombre de persona |
Tejeda Ortiz, Dagoberto |
| Término indicativo de función/relación |
textos |
| Código de función/relación |
te. |
| 9 (RLIN) |
83629 |
| 700 1# - PUNTO DE ACCESO ADICIONAL--NOMBRE DE PERSONA |
| Nombre de persona |
Medina, Idelfonso |
| Término indicativo de función/relación |
textos |
| Código de función/relación |
te. |
| 9 (RLIN) |
88608 |
| 700 1# - PUNTO DE ACCESO ADICIONAL--NOMBRE DE PERSONA |
| Nombre de persona |
Lozano, Wilfredo |
| Término indicativo de función/relación |
textos |
| Código de función/relación |
te. |
| 9 (RLIN) |
81507 |
| 700 1# - PUNTO DE ACCESO ADICIONAL--NOMBRE DE PERSONA |
| Nombre de persona |
Castillo Pichardo, José del |
| Término indicativo de función/relación |
textos |
| Código de función/relación |
te. |
| 9 (RLIN) |
43246 |
| 700 1# - PUNTO DE ACCESO ADICIONAL--NOMBRE DE PERSONA |
| Nombre de persona |
Ferrán, Fernando I. |
| Término indicativo de función/relación |
textos |
| Código de función/relación |
te. |
| 9 (RLIN) |
35398 |
| 700 1# - PUNTO DE ACCESO ADICIONAL--NOMBRE DE PERSONA |
| Nombre de persona |
Cruz, César de la |
| Término indicativo de función/relación |
fotografías |
| Código de función/relación |
fot. |
| 9 (RLIN) |
88609 |
| 700 1# - PUNTO DE ACCESO ADICIONAL--NOMBRE DE PERSONA |
| Nombre de persona |
Estévez, Timoteo |
| Término indicativo de función/relación |
fotografías |
| Código de función/relación |
fot. |
| 9 (RLIN) |
88610 |
| 700 1# - PUNTO DE ACCESO ADICIONAL--NOMBRE DE PERSONA |
| Nombre de persona |
Fortunato, Francisco |
| Término indicativo de función/relación |
fotografías |
| Código de función/relación |
fot. |
| 9 (RLIN) |
88611 |
| 700 1# - PUNTO DE ACCESO ADICIONAL--NOMBRE DE PERSONA |
| Nombre de persona |
Hernández, Ricardo |
| Término indicativo de función/relación |
fotografías |
| Código de función/relación |
fot. |
| 9 (RLIN) |
56059 |
| 700 1# - PUNTO DE ACCESO ADICIONAL--NOMBRE DE PERSONA |
| Nombre de persona |
Rosado, Odalís |
| Término indicativo de función/relación |
fotografías |
| Código de función/relación |
fot. |
| 9 (RLIN) |
77964 |
| 700 1# - PUNTO DE ACCESO ADICIONAL--NOMBRE DE PERSONA |
| Nombre de persona |
Soto, David |
| Término indicativo de función/relación |
fotografías |
| Código de función/relación |
fot. |
| 9 (RLIN) |
88612 |
| 700 1# - PUNTO DE ACCESO ADICIONAL--NOMBRE DE PERSONA |
| Nombre de persona |
Vargas Lassis, Pedro |
| Término indicativo de función/relación |
fotografías |
| Código de función/relación |
fot. |
| 9 (RLIN) |
88613 |
| 910 ## - DATOS DE OPCIÓN DEL USUARIO (OCLC) |
| Datos de opción del usuario |
Ylockward |
| 942 ## - ELEMENTOS DE PUNTO DE ACCESO ADICIONAL (KOHA) |
| Fuente del sistema de clasificación o colocación |
Dewey Decimal Classification |
| Tipo de ítem Koha |
Libro |